| 000 | 00601nam a2200145Ia 4500 | ||
|---|---|---|---|
| 008 | 220216s9999 xx 000 0 und d | ||
| 100 | _aViswanathan P.K. | ||
| 245 | 0 | _aCrop loss in rubber due to abnormal leaf fall: An analysis on the economic feasibility of plant protection in India | |
| 260 |
_bIn: Preprints of Papers. International Natural Rubber Conference, India 2005, 6-8 November 2005, Rubber Research Institute of India, Kottayam, Kerala, India, pp. 569-579. _c2005 |
||
| 650 | _aAbnormal leaf fall | ||
| 650 | _aCrop loss | ||
| 700 | _aGeorge K.T. | ||
| 700 | _aJacob C.K. | ||
| 942 | _cBS | ||
| 999 |
_c53067 _d53067 |
||